Teach yourself owning a horse

Bibliographic Details
Main Author: Henderson, Carolyn
Format: Book
Published: London : Teach Yourself , 2006
Subjects:

MARC

LEADER 00000cam a2200000 7i4500
001 0000029332
005 20100517.0
008 060118s2006
020 |a 0340925647 
082 0 4 |a 636.1083 
090 0 0 |a HEN   |b ENG 
100 1 |a Henderson, Carolyn. 
245 1 0 |a Teach yourself owning a horse   |c Carolyn Henderson. 
260 |a London :   |b Teach Yourself ,   |c 2006 
300 |a viii, 180 p. :   |b ill. (some col.) ;   |c 20 cm. 
504 |a Includes bibliographical references (p. 172) and index. 
650 0 |a Horses   |x Feeding and feeds. 
650 0 |a Horses   |x Grooming. 
650 0 |a Horses   |x Housing. 
650 0 |a Horses   |x Training. 
999 |a 0001061661   |b Book   |c Adult Collection   |e Perbadanan Perpustakaan Awam Johor